| 000 | 00637nam a2200205 u 4500 | ||
|---|---|---|---|
| 005 | 20240419063741.0 | ||
| 008 | 080623s2000 es r 000 0 spa d | ||
| 020 | _a842163741X | ||
| 035 | _aUPN01000157294 | ||
| 049 | _aI | ||
| 050 | 4 |
_aPZ74 _bL3.5 |
|
| 100 | 1 |
_aLalana, Fernando, _d1958- _930475 |
|
| 245 | 1 | 3 |
_aLa madrastra de Blancanieves / _cFernando Lalana ; il. Violeta Monreal. |
| 260 |
_aMadrid : _bBruño, _c2000. |
||
| 300 |
_a29 p. : _bprincipalmente il. col. |
||
| 440 | 0 |
_aCuentos de colores. _pLos malos ; _v12 |
|
| 650 | 0 |
_aCuentos de hadas _95259 |
|
| 700 | 1 |
_aMonreal, Violeta, _d1963- _eil. _929361 |
|
| 905 | _aInfantil | ||
| 999 |
_c129408 _d129408 |
||